| 000 | 01468nam a22002537a 4500 | ||
|---|---|---|---|
| 005 | 20241119155755.0 | ||
| 008 | 130821s1935 bo fr spa | ||
| 040 | 0 |
_aCo-BoUCM _bspa _cSandra Yazo _dSandra Yazo |
|
| 041 | 0 | _aspa | |
| 082 | 0 | 4 |
_a341.6 _220 |
| 092 | _aE54N011 | ||
| 110 | 1 |
_aCentro de Propaganda y Defensa Nacional _bBolivia _9183805 |
|
| 245 | 1 | 0 |
_aPrisioneros de guerra _cCentro de Propaganda y Defensa Nacional ; E. Díez de Medina |
| 260 |
_aLa Paz (Bolivia) _bImp. Arno Hermanos _c1935 |
||
| 300 |
_a27 páginas _c22 x 14 cm |
||
| 500 | _aDetalles físicos: Encuadernación flexible en cartulina texturizada, impresa en ambas tapas. Portada impresa en una sola tinta. Cenefa decorativa. Texto impreso en una sola columna. Cosido con ganchos y pegado (pág. 26) Tapas sucias y manchadas. Doblez en esquina inferior tapa posterior. Folleto | ||
| 505 | 0 | _aMemorando de la Delegación de Bolivia sobre prisioneros de guerra ; Se inaugura hoy en Río de Janeiro la Convención de la Cruz Roja ; Comunicado del Ministerio de Relaciones Exteriores (1) ; Comunicado del Ministerio de Relaciones Exteriores (2). | |
| 506 | _aConsulta en sala | ||
| 650 | 0 | 4 |
_aCiencia militar _910776 |
| 650 | 0 | 4 |
_aPrisioneros de guerra _922293 _zBolivia |
| 700 |
_aDiez de Medicina, E. _9183806 |
||
| 856 |
_uhttps://obtienearchivo.bcn.cl/obtieneimagen?id=documentos/10221.1/75553/2/188354.pdf _zDisponible en línea |
||
| 942 |
_cLIBRO _a6 _e1 _2LOCAL _hE54N011 |
||
| 999 |
_c325031 _d325031 |
||